<?xml version="1.0" encoding="UTF-8"?><?xml-stylesheet type="text/xsl" href="static/style.xsl"?><OAI-PMH xmlns="http://www.openarchives.org/OAI/2.0/" xmlns:xsi="http://www.w3.org/2001/XMLSchema-instance" xsi:schemaLocation="http://www.openarchives.org/OAI/2.0/ http://www.openarchives.org/OAI/2.0/OAI-PMH.xsd"><responseDate>2026-04-27T14:39:48Z</responseDate><request verb="GetRecord" identifier="oai:riubu.ubu.es:10259/10843" metadataPrefix="marc">https://riubu.ubu.es/oai/request</request><GetRecord><record><header><identifier>oai:riubu.ubu.es:10259/10843</identifier><datestamp>2025-09-10T10:14:02Z</datestamp><setSpec>com_10259_2699</setSpec><setSpec>col_10259_2701</setSpec></header><metadata><record xmlns="http://www.loc.gov/MARC21/slim" xmlns:doc="http://www.lyncode.com/xoai" xmlns:xsi="http://www.w3.org/2001/XMLSchema-instance" xmlns:dcterms="http://purl.org/dc/terms/" xsi:schemaLocation="http://www.loc.gov/MARC21/slim http://www.loc.gov/standards/marcxml/schema/MARC21slim.xsd">
<leader>00925njm 22002777a 4500</leader>
<datafield tag="042" ind1=" " ind2=" ">
<subfield code="a">dc</subfield>
</datafield>
<datafield tag="720" ind1=" " ind2=" ">
<subfield code="a">Olloqui Mundet, M. Josefa</subfield>
<subfield code="e">author</subfield>
</datafield>
<datafield tag="260" ind1=" " ind2=" ">
<subfield code="c">2025</subfield>
</datafield>
<datafield tag="520" ind1=" " ind2=" ">
<subfield code="a">El desarrollo de esta Tesis Doctoral ha confirmado su hipótesis inicial, al haber podido&#xd;
constatar que las gestantes españolas, pese a ser conscientes de la importancia que tiene&#xd;
la alimentación en el embarazo, no comen de forma adecuada, ni realizan la actividad&#xd;
física recomendada. Dichos hábitos están relacionados con sus conocimientos en materia&#xd;
de alimentación y nutrición y con la educación nutricional que reciben de sus matronas.&#xd;
Las matronas españolas son los sanitarios mejor situados para proporcionar&#xd;
asesoramiento nutricional a las gestantes, pero los resultados de este trabajo indican que&#xd;
tienen unos conocimientos muy básicos en la materia, probablemente relacionados con&#xd;
su escasa formación al respecto. Esto, junto con el tiempo limitado del que disponen&#xd;
durante las visitas de seguimiento del embarazo, condiciona la calidad de la educación&#xd;
nutricional que llevan a cabo en su consulta. No obstante, los resultados presentados en&#xd;
este trabajo ponen de manifiesto el potencial que puede tener la educación nutricional en&#xd;
esta etapa del ciclo vital. Este estudio aporta también datos para reflexionar sobre la&#xd;
importancia del dietista-nutricionista en este periodo de la vida de la mujer.</subfield>
</datafield>
<datafield tag="024" ind2=" " ind1="8">
<subfield code="a">https://hdl.handle.net/10259/10843</subfield>
</datafield>
<datafield tag="024" ind2=" " ind1="8">
<subfield code="a">10.36443/10259/10843</subfield>
</datafield>
<datafield ind1=" " ind2=" " tag="653">
<subfield code="a">Matrona</subfield>
</datafield>
<datafield ind1=" " ind2=" " tag="653">
<subfield code="a">Educación nutricional</subfield>
</datafield>
<datafield ind1=" " ind2=" " tag="653">
<subfield code="a">Embarazo</subfield>
</datafield>
<datafield ind1=" " ind2=" " tag="653">
<subfield code="a">Alimentación</subfield>
</datafield>
<datafield ind1=" " ind2=" " tag="653">
<subfield code="a">Midwife</subfield>
</datafield>
<datafield ind1=" " ind2=" " tag="653">
<subfield code="a">Nutritional education</subfield>
</datafield>
<datafield ind1=" " ind2=" " tag="653">
<subfield code="a">Pregnancy</subfield>
</datafield>
<datafield ind1=" " ind2=" " tag="653">
<subfield code="a">Nutrition</subfield>
</datafield>
<datafield tag="245" ind1="0" ind2="0">
<subfield code="a">Educación nutricional en la consulta de la matrona en España</subfield>
</datafield>
</record></metadata></record></GetRecord></OAI-PMH>